| 000 | 00425nam a2200169Ia 4500 | ||
|---|---|---|---|
| 003 | GCL | ||
| 008 | 140319s9999 xx 000 0 ara d | ||
| 040 |
_aGCL / _cGCL |
||
| 082 | 0 | 4 |
_a321.09 _bا و |
| 100 | 1 | _aابراهيم شحاتة | |
| 245 | 1 | 0 |
_aوصيتى لبلادى / _cابراهيم شحاتة |
| 300 | _a104 ص | ||
| 490 | _a | ||
| 650 | 0 | 4 | _aالقومية |
| 650 | 0 | 4 | _aنظم التحكم |
| 942 |
_2ddc _cBK |
||
| 999 |
_c38888 _d38888 |
||